01491namaa2200325 a 4500008004100000020001800041041000800059100002200067245006500089250010100154260004000255300001700295500011900312653003700431653003600468653004600504653004400550653004800594653005800642653004700700653004900747653004700796653004000843653004400883653004400927653006400971653005501035653004701090700002801137220221s2021 A ||||fr|||| 001 0 S d a9788417949723 aspa1 aNorris, Tommie L. aPorth.bFundamentos de Fisiopatología /cTommie L. Norris. a5ta ed.bTraducción Mónica Consuelo Ayala Gómez, Félix García Roig y Alma Rosa Higuera aBarcelona: bWolters Kluwer;c2021. a1197 p.bil. aNorris, T. L. y Tuan, L. R. (2021). Porth. Fundamentos de fisiopatología. (5a. ed.). Barcelona : Wolters Kluwer. aConcepto de Salud y enfermedad. aFunción y crecimiento celular aAlteraciones de la función integradora. aInfección, inflamación e inmunidad. aAlteraciones de la función neurológica. aAlteraciones de las funciones sensoriales especiales. aAlteraciones del sistema hematopoyético. aAlteraciones de la función cardiovascular. aAlteraciones de la función respiratoria. aAlteraciones de la función renal. aAlteraciones de la función digestiva. aAlteraciones de la función endocrina. aAlteraciones de la función genitourinaria y reproductiva. aAlteraciones de la función musculoesquelética. aAlteraciones de la función tegumentaria.1 aTuan, Lalchandani Rupa.